موسوعة جسم الإنسان / (Record no. 14295)
[ view plain ]
| 000 -الفاتح | |
|---|---|
| حقل البيانات ثابتة الطول | 04053cam a22004697a 4500 |
| 008 - عناصر البيانات ثابتة الطول - معلومات عامة | |
| حقل البيانات ثابتة الطول | 100630t1987 xxu||||| |||| 00| 0 ara d |
| 082 ## - رقم تصنيف ديوى العشرى | |
| رقم الطبعة | 22 |
| رقم التصنيف | 612 |
| رقم المادة | ف ا ر |
| 100 ## - المدخل الرئيسى - إسم شخصى | |
| 9 (RLIN) | 15465 |
| الإسم الشخصى | فارد، بريان |
| 245 ## - بيان العنوان | |
| العنوان | موسوعة جسم الإنسان / |
| بيان المسئوليه,etc | .بريان فارد |
| 260 ## - PUBLICATION, DISTRIBUTION, ETC. (IMPRINT) | |
| مكان الناشر او الموزع | القاهرة: |
| اسم الناشر او الموزع | المركز العالمى للموسوعات، |
| تاريخ النشر أو التوزيع | 1987. |
| 300 ## - الوصف المادى | |
| التعداد | 10 مج : |
| أبعاد الوعاء | 24سم. |
| تفاصيل ماديه اخرى للوعاء | ايض، لو؛ |
| 505 ## - تبصرة محتويات-الفهرس | |
| تبصرة المحتويات المصاغة | . 2صيانة الجسم -- [مج3] . المخ والجهاز العصبي -- [مج4]. العين والرؤية -- [مج5] . الأذن والسمع -- [مج6] .الغذاء والهضم -- [مج7]. القلب والدم -- [مج8]. الرئتان والتنفس -- [مج9]. الهيكل العظمي والحركة -- [مج 10]. اللمس، التذوق والرائحة .[مج1]. الولادة والنمو -- [مج] |
| 541 ## - تبصرة المصدر المباشر للتزويد | |
| مصدر التزويد | جمعية الرعاية المتكاملة ؛ |
| طريقة التزويد | إهداء ؛ |
| 650 ## - المدخل الاضافى بالموضوع-مصطلح موضوعى | |
| 9 (RLIN) | 15469 |
| مصطلح موضوعي أو اسم جغرافي كعنصر مدخل | النمو |
| 650 ## - المدخل الاضافى بالموضوع-مصطلح موضوعى | |
| 9 (RLIN) | 15475 |
| مصطلح موضوعي أو اسم جغرافي كعنصر مدخل | الأطفال |
| التقسيم الفرعي العام | نمو |
| 650 ## - المدخل الاضافى بالموضوع-مصطلح موضوعى | |
| 9 (RLIN) | 15476 |
| مصطلح موضوعي أو اسم جغرافي كعنصر مدخل | الصيانة الوقائية |
| 650 ## - المدخل الاضافى بالموضوع-مصطلح موضوعى | |
| 9 (RLIN) | 15477 |
| مصطلح موضوعي أو اسم جغرافي كعنصر مدخل | المخ |
| 650 ## - المدخل الاضافى بالموضوع-مصطلح موضوعى | |
| 9 (RLIN) | 15478 |
| مصطلح موضوعي أو اسم جغرافي كعنصر مدخل | الجهازالعصبى |
| 650 ## - المدخل الاضافى بالموضوع-مصطلح موضوعى | |
| 9 (RLIN) | 15480 |
| مصطلح موضوعي أو اسم جغرافي كعنصر مدخل | العين |
| 650 ## - المدخل الاضافى بالموضوع-مصطلح موضوعى | |
| 9 (RLIN) | 15481 |
| مصطلح موضوعي أو اسم جغرافي كعنصر مدخل | العين |
| التقسيم الفرعي العام | حماية |
| 650 ## - المدخل الاضافى بالموضوع-مصطلح موضوعى | |
| 9 (RLIN) | 15482 |
| مصطلح موضوعي أو اسم جغرافي كعنصر مدخل | الأذن |
| التقسيم الفرعي العام | حماية |
| 650 ## - المدخل الاضافى بالموضوع-مصطلح موضوعى | |
| 9 (RLIN) | 15484 |
| مصطلح موضوعي أو اسم جغرافي كعنصر مدخل | الأذن الوسطى |
| التقسيم الفرعي العام | حماية |
| 650 ## - المدخل الاضافى بالموضوع-مصطلح موضوعى | |
| 9 (RLIN) | 13639 |
| مصطلح موضوعي أو اسم جغرافي كعنصر مدخل | التغذية |
| 650 ## - المدخل الاضافى بالموضوع-مصطلح موضوعى | |
| 9 (RLIN) | 15486 |
| مصطلح موضوعي أو اسم جغرافي كعنصر مدخل | الجهاز الهضمى |
| 650 ## - المدخل الاضافى بالموضوع-مصطلح موضوعى | |
| 9 (RLIN) | 13639 |
| مصطلح موضوعي أو اسم جغرافي كعنصر مدخل | التغذية |
| 650 ## - المدخل الاضافى بالموضوع-مصطلح موضوعى | |
| 9 (RLIN) | 15488 |
| مصطلح موضوعي أو اسم جغرافي كعنصر مدخل | الهضم |
| 650 ## - المدخل الاضافى بالموضوع-مصطلح موضوعى | |
| 9 (RLIN) | 15490 |
| مصطلح موضوعي أو اسم جغرافي كعنصر مدخل | الرئتان |
| 650 ## - المدخل الاضافى بالموضوع-مصطلح موضوعى | |
| 9 (RLIN) | 15490 |
| مصطلح موضوعي أو اسم جغرافي كعنصر مدخل | الرئتان |
| 650 ## - المدخل الاضافى بالموضوع-مصطلح موضوعى | |
| 9 (RLIN) | 15492 |
| مصطلح موضوعي أو اسم جغرافي كعنصر مدخل | الهيكل العظمى |
| 650 ## - المدخل الاضافى بالموضوع-مصطلح موضوعى | |
| 9 (RLIN) | 15494 |
| مصطلح موضوعي أو اسم جغرافي كعنصر مدخل | التذوق |
| 650 ## - المدخل الاضافى بالموضوع-مصطلح موضوعى | |
| 9 (RLIN) | 15496 |
| مصطلح موضوعي أو اسم جغرافي كعنصر مدخل | الحواس |
| 942 ## - عناصر المدخل الإضافي( كوها) | |
| مصدر التصنيف او مخطط الترفيف | Dewey Decimal Classification |
| Koha [default] item type | Book - Borrowing |
| حالة التراجع | حالة الفقد | مصدر التصنيف او خطة الترفيف | حالة تلف | ليس للاعارة | مجموعات كوها | المكان الدائم | المكان الحالي | موقع الترفيف | تاريخ الاكتساب | Source of acquisition | رقم الاستدعاء | الباركود | Date last seen | مُعار | نوع الوعاء | تبصرة عامة | تحديد مواد ( مجلدات مجمعه أو جزء أخر) |
|---|---|---|---|---|---|---|---|---|---|---|---|---|---|---|---|---|---|
| Dewey Decimal Classification | Central Library | Central Library | First floor | 30/06/2010 | 612 مج 1 ف ا ر | 000021168 | 15/07/2025 | 05/04/2016 | Book - Borrowing | الولادة والنمو | |||||||
| Dewey Decimal Classification | Central Library | Central Library | First floor | 30/06/2010 | 612 مج 4 ف ا ر | 000021169 | 15/07/2025 | Book - Borrowing | العين والرؤية | ||||||||
| Dewey Decimal Classification | Central Library | Central Library | First floor | 30/06/2010 | 612 مج 6 ف ا ر | 000021176 | 15/07/2025 | 27/01/2015 | Book - Borrowing | الغذاء والهضم | |||||||
| Dewey Decimal Classification | Central Library | Central Library | First floor | 30/06/2010 | 612 مج 8 ف ا ر | 000021174 | 15/07/2025 | 05/04/2016 | Book - Borrowing | الرئتان والتنفس | |||||||
| Dewey Decimal Classification | Central Library | Central Library | First floor | 30/06/2010 | Donation | 612 مج 9 ف ا ر | 000021172 | 15/07/2025 | Book - Borrowing | الهيكل العظمي والحركة | |||||||
| Dewey Decimal Classification | Central Library | Central Library | First floor | 30/06/2010 | 612 مج 2 ف ا ر | 000021171 | 15/07/2025 | 18/12/2017 | Book - Borrowing | صيانة الجسم | |||||||
| Dewey Decimal Classification | Central Library | Central Library | First floor | 30/06/2010 | 612 مج 5 ف ا ر | 000021170 | 15/07/2025 | Book - Borrowing | الأذن والسمع | ||||||||
| Lost | Dewey Decimal Classification | Central Library | Central Library | First floor | 30/06/2010 | 612 مج 3 ف ا ر | 000021161 | 24/08/2022 | 27/01/2015 | Book - Borrowing | المخ والجهاز العصبي | Lost_In_Inventory_12-2-2024 | |||||
| Dewey Decimal Classification | Central Library | Central Library | First floor | 30/06/2010 | 612 مج 10 ف ا ر | 000021173 | 15/07/2025 | 05/04/2016 | Book - Borrowing | اللمس، الذوق والرائحة |